000 00519nam a2200193Ia 4500
003 GCL
008 140319s9999 xx 000 0 ara d
040 _aGCL /
_cGCL
082 0 4 _a891.703
_bف هـ
100 1 _aابراهيم فتحى
245 1 0 _aالهزيمة /
_cابراهيم فتحى
700 1 _aفادييف، ا
300 _a321 ص
490 _a
650 0 4 _aالادب الروسى
650 0 4 _aالقصص الروسية
650 0 4 _aالادب الروسى المترجم
942 _2ddc
_cBK
999 _c41647
_d41647